| 000 | 00583 a2200205 4500 | ||
|---|---|---|---|
| 020 | _a0782126952 | ||
| 040 |
_aDLC _bDLC |
||
| 082 | _a005.6 | ||
| 100 | 1 | _aChellis, James | |
| 245 | 0 | 0 |
_aMCSE : networking essentials study guide _cJames Chellis, Charles Perkins, Matthew Strebe |
| 250 | _a2nd ed. | ||
| 260 |
_aNew Delhi : _bBPB, _ccop. 1998 |
||
| 300 |
_a683 s. + _e2 CD-ROM |
||
| 500 | _aIndian print | ||
| 650 | 7 |
_aComputer networks _xExaminations |
|
| 700 | 1 | _aPerkins, Charles | |
| 700 | 1 | _aStrebe, Matthew | |
| 740 | 0 | _aNetworking essentials | |
| 942 |
_cBK _k005.6 CHE _2ddc |
||
| 999 |
_c6356 _d6356 |
||